|
|
|
|
| LEADER |
00000cam a22000004a 4500 |
| 001 |
musev2_44669 |
| 003 |
MdBmJHUP |
| 005 |
20230905044655.0 |
| 006 |
m o d |
| 007 |
cr||||||||nn|n |
| 008 |
160204s2016 mau o 00 0 eng d |
| 020 |
|
|
|a 9781933227689
|
| 020 |
|
|
|z 1933227680
|
| 020 |
|
|
|z 9781933227672
|
| 035 |
|
|
|a (OCoLC)937354657
|
| 040 |
|
|
|a MdBmJHUP
|c MdBmJHUP
|
| 100 |
1 |
|
|a Davis, Jarita,
|e author.
|
| 240 |
1 |
0 |
|a Poems.
|k Selections
|
| 245 |
1 |
0 |
|a Return Flights /
|c Jarita Davis.
|
| 264 |
|
1 |
|a North Dartmouth, MA :
|b Tagus Press,
|c 2016.
|
| 264 |
|
3 |
|a Baltimore, Md. :
|b Project MUSE,
|c 2016
|
| 264 |
|
4 |
|c ©2016.
|
| 300 |
|
|
|a 1 online resource (96 pages).
|
| 336 |
|
|
|a text
|b txt
|2 rdacontent
|
| 337 |
|
|
|a computer
|b c
|2 rdamedia
|
| 338 |
|
|
|a online resource
|b cr
|2 rdacarrier
|
| 490 |
0 |
|
|a Portuguese in the Americas series
|
| 505 |
0 |
|
|a Cover; Title Page; Contents; Foreword; Preface; Part 1; Dreaming in Crioulo, or Why I Romanticize the Old Country; Joseph Silva Barboza, a Portrait; Another Homecoming; Dress Whites; Ana Left the Old Country; The Children, Their Darkness; Defining the Morna; While Listening to Cesaria Evora; Atlantic Coasts; Corn; Return Flights; Part 2; The Woman Who Cleans Fish; The Wedding Feast, Brava 1926; Harvesting a Return; Alone in Plymouth; Swimming Lessons; Nantucket Sleigh Ride; The Scrimshander; Part 3; One Criolinha Speaks; You Cannot Prepare for This Trip; Impressions in Stone; Arrival.
|
| 505 |
0 |
|
|a At Midnight You Board the Boat to BravaThe Rainy Season; Meeting Mano and Mãe Vinda; This Is Someone Else's Life; We Four Harvest Mangoes; Mangoes; I Am Twenty-eight Today; In the Field; Santa Maria das Dores, Sal; That Last Night; Departure; Cape Verde Has Been Slipping from Me; Part 4; Vista from the Schoolhouse Steps; Djiny Describes the Festival of São João; Tonight; Seven Hesitations of Maria DeSilva; Sara Andrade Lobo, Age Seven; Each Evening; Jose Fishing in Fajã d'Água; Acknowledgments; Glossary.
|
| 520 |
|
|
|a A turning point for Cape Verdean American culture, one in which a partially forgotten past becomes a starting point for possible futures.
|
| 546 |
|
|
|a English.
|
| 588 |
|
|
|a Description based on print version record.
|
| 650 |
|
7 |
|a American poetry.
|2 fast
|0 (OCoLC)fst00807348
|
| 650 |
|
7 |
|a POETRY
|x American
|x General.
|2 bisacsh
|
| 650 |
|
6 |
|a Poesie americaine.
|
| 650 |
|
0 |
|a American poetry.
|
| 655 |
|
7 |
|a Electronic books.
|2 local
|
| 710 |
2 |
|
|a Project Muse.
|e distributor
|
| 830 |
|
0 |
|a Book collections on Project MUSE.
|
| 856 |
4 |
0 |
|z Texto completo
|u https://projectmuse.uam.elogim.com/book/44669/
|
| 945 |
|
|
|a Project MUSE - Custom Collection
|
| 945 |
|
|
|a Project MUSE - 2016 Complete
|
| 945 |
|
|
|a Project MUSE - 2016 Poetry, Fiction and Creative Non-Fiction
|